000 00541cam a22002171 4500
001 ne 64000239
003 DLC
005 20260227111755.0
008 890107s1962 xx r 000 0 ara
010 _ane 64000239
035 _a(OCoLC)23523631
040 _aDLC
_cMiU
_dDLC
042 _apremarc
050 0 0 _aHE7316
_b.A7
110 2 _aArab Postal Union
245 1 0 _aQāmūs makātib al-barīd.
260 _c[1962]
300 _a263 p.
_c24 cm.
500 _aRomanized.
650 0 _aPostal service
_zArab countries
_vDirectories.
999 _c46644
_d46644